Geografía y medio ambiente de América

Salvato in:
Dettagli Bibliografici
Autore principale: Cohen, Saúl B (Autore)
Natura: Libro
Lingua:spagnolo
Pubblicazione: Ciudad de México Asociados 1973
Serie:Colección Historia Actual
Soggetti:
Tags: Aggiungi Tag
Nessun Tag, puoi essere il primo ad aggiungerne!!

MARC

LEADER 00000nam a2200000 a 4500
001 UCU1942
003 CL-VaPUC
008 960419e19730000MX |||||||||||||||||spa|d
082 0 4 |a 918  |b COH  |2 21 
100 0 |a Cohen, Saúl B  |e author  |9 357733 
245 1 0 |a Geografía y medio ambiente de América 
300 |a 326 p 
942 |c BK 
945 |d 19960419 00:00:00  |a cmena 
260 |a Ciudad de México  |b Asociados  |c 1973 
650 0 |a Geografía física   |9 259347 
650 0 |a Medio ambiente  |9 257625 
650 7 |a TRANSPORTE  |2 CL-VaPUC  |9 256365 
650 0 |a Industrialización  |9 263687 
650 0 |a Agricultura  |9 255598 
650 0 |a Geografía política  |9 268296 
651 0 |a Estados Unidos  |9 255178 
651 0 |a América  |9 255182 
583 |a last modification  |c 19960419 00:00:00  |k Rodrigo Vera 
490 0 |a Colección Historia Actual 
999 |c 246366  |d 246364 
952 |0 0  |1 0  |4 0  |6 918_000000000000000_COH_1973  |7 0  |8 A  |9 261294  |a BIBHIS  |b BIBHIS  |d 2019-11-19  |i 136538K  |o 918 COH 1973  |p 136538K  |r 2025-01-20  |w 2019-11-19  |y BK  |k HIS